|
|
|
|
| LEADER |
00000nam a2200000 a 4500 |
| 001 |
vtls001383549 |
| 003 |
SK-MaSNL |
| 005 |
20260302071543.0 |
| 008 |
240226s1999 xr r cze |
| 020 |
|
|
|a 808526899X
|c b.c.
|
| 035 |
|
|
|a SNK000337642
|
| 035 |
|
|
|a urn:nbn:sk:snk-amyhjg
|
| 035 |
|
|
|a urn:nbn:sk:snk-am00clds
|
| 035 |
|
|
|a 1E1B2D34-7D63-4D28-917B-96040081C169
|
| 040 |
|
|
|a SNK
|b slo
|c SNK
|e AACR2
|
| 041 |
0 |
|
|a cze
|
| 044 |
|
|
|a CZ
|
| 080 |
|
|
|a 943.7"1918/1938"(082)
|2 1981
|
| 245 |
0 |
|
|a Československo 1918-1938
|b osudy demokracie ve střední Evropě : sborník mezinárodní vědecké konference, v Praze 5.-8. října 1998 ...
|n 2
|c uspořádali: Jaroslav Valenta, Emil Voráček, Josef Harna
|
| 260 |
|
|
|a Praha
|b Historický ústav AV ČR
|c 1999
|
| 300 |
|
|
|a S. 368-682
|c 30 cm
|
| 500 |
|
|
|a Čiast. text slov., franc., angl. a nem.
|
| 651 |
|
7 |
|a Československo
|x dejiny
|y 1918-1938
|2 SNK
|9 13800
|
| 700 |
1 |
|
|a Valenta, Jaroslav,
|d 1930-2004
|4 adp
|9 151838
|
| 700 |
1 |
|
|a Voráček, Emil,
|d 1950-
|4 adp
|9 62511
|
| 700 |
1 |
|
|a Harna, Josef
|4 adp
|9 325675
|
| 919 |
|
|
|a 80-85268-99-X
|
| 958 |
|
|
|a OND
|
| 999 |
|
|
|c 1152636
|d 1154566
|
| 952 |
|
|
|t P60, <03>, [BOOK], {603}
|a SNK
|b SNK
|y PREZ
|7 0
|p 17A0226993
|o snkSB 61510/2
|i snkD 50/2000
|0 0
|1 0
|4 0
|d 2000-02-23
|f 1
|l 0
|r 2025-04-15 00:00:00
|w 2026-02-24
|